<?xml version="1.0" encoding="UTF-8"?>
<record
    xmlns:xsi="http://www.w3.org/2001/XMLSchema-instance"
    xsi:schemaLocation="http://www.loc.gov/MARC21/slim http://www.loc.gov/standards/marcxml/schema/MARC21slim.xsd"
    xmlns="http://www.loc.gov/MARC21/slim">

  <leader>07202cam a2200481 i 4500</leader>
  <controlfield tag="001">60134</controlfield>
  <controlfield tag="003">CO-BoRNBP</controlfield>
  <controlfield tag="005">20251212141211.0</controlfield>
  <controlfield tag="007">ta</controlfield>
  <controlfield tag="008">100721m19932018ck ab  gr     000 0 spa d</controlfield>
  <datafield tag="020" ind1=" " ind2=" ">
    <subfield code="a">9586120945</subfield>
    <subfield code="q">obra completa</subfield>
  </datafield>
  <datafield tag="020" ind1=" " ind2=" ">
    <subfield code="a">9586120953</subfield>
    <subfield code="q">tomo I</subfield>
  </datafield>
  <datafield tag="020" ind1=" " ind2=" ">
    <subfield code="a">9586121313</subfield>
    <subfield code="q">tomo II</subfield>
  </datafield>
  <datafield tag="020" ind1=" " ind2=" ">
    <subfield code="a">9586122212</subfield>
    <subfield code="q">tomo III</subfield>
  </datafield>
  <datafield tag="020" ind1=" " ind2=" ">
    <subfield code="a">9589004482</subfield>
    <subfield code="q">tomo IV</subfield>
  </datafield>
  <datafield tag="020" ind1=" " ind2=" ">
    <subfield code="a">9789588852577</subfield>
    <subfield code="q">tomo VI</subfield>
  </datafield>
  <datafield tag="020" ind1=" " ind2=" ">
    <subfield code="a">9789586955324</subfield>
    <subfield code="q">tomo V</subfield>
  </datafield>
  <datafield tag="040" ind1=" " ind2=" ">
    <subfield code="a">CO-BoUNC</subfield>
    <subfield code="b">spa</subfield>
    <subfield code="e">rda</subfield>
    <subfield code="c">CO-BoUNC</subfield>
  </datafield>
  <datafield tag="082" ind1="0" ind2="4">
    <subfield code="a">986.1</subfield>
    <subfield code="b">T736r</subfield>
    <subfield code="2">20</subfield>
  </datafield>
  <datafield tag="082" ind1="0" ind2="4">
    <subfield code="a">986.102</subfield>
    <subfield code="b">T69</subfield>
    <subfield code="2">23</subfield>
  </datafield>
  <datafield tag="100" ind1="1" ind2=" ">
    <subfield code="a">Tovar Pinz&#xFFFD;n, Hermes</subfield>
    <subfield code="d">1941-</subfield>
    <subfield code="e">autor</subfield>
    <subfield code="9">67849</subfield>
  </datafield>
  <datafield tag="245" ind1="1" ind2="0">
    <subfield code="a">Relaciones y visitas a los Andes :</subfield>
    <subfield code="b">S XVI /</subfield>
    <subfield code="c">Hermes Tovar Pinz&#xFFFD;n.</subfield>
  </datafield>
  <datafield tag="250" ind1=" " ind2=" ">
    <subfield code="a">Primera edici&#xFFFD;n</subfield>
  </datafield>
  <datafield tag="264" ind1=" " ind2="1">
    <subfield code="a">Bogot&#xFFFD; :</subfield>
    <subfield code="b">Intituto Colombiano de Cultura Hisp&#xFFFD;nica</subfield>
    <subfield code="b">Colcultura,</subfield>
    <subfield code="c">1993-2018.</subfield>
  </datafield>
  <datafield tag="300" ind1=" " ind2=" ">
    <subfield code="a">6 tomos :</subfield>
    <subfield code="b">ilustraciones, mapas ;</subfield>
    <subfield code="c">23 cm.</subfield>
  </datafield>
  <datafield tag="336" ind1=" " ind2=" ">
    <subfield code="a">texto</subfield>
    <subfield code="b">txt</subfield>
    <subfield code="2">rda contenido</subfield>
  </datafield>
  <datafield tag="337" ind1=" " ind2=" ">
    <subfield code="a">sin mediaci&#xFFFD;n</subfield>
    <subfield code="b">n</subfield>
    <subfield code="2">rda medio</subfield>
  </datafield>
  <datafield tag="338" ind1=" " ind2=" ">
    <subfield code="a">volumen</subfield>
    <subfield code="b">nc</subfield>
    <subfield code="2">rda soporte</subfield>
  </datafield>
  <datafield tag="490" ind1="1" ind2=" ">
    <subfield code="a">Colecci&#xFFFD;n de Historia de la Biblioteca Nacional</subfield>
  </datafield>
  <datafield tag="500" ind1=" " ind2=" ">
    <subfield code="a">Trabajo docente U.N.</subfield>
  </datafield>
  <datafield tag="505" ind1="0" ind2=" ">
    <subfield code="a">Tomo 1. Relaciones y descripciones -- A su alteza de Vasco Nu&#xFFFD;ez de Valvoa, 16 de octubre de 1515 -- Carta de Pascual de Andagoya, Panam&#xFFFD; 22 de julio de 1539 -- Relaci&#xFFFD;n que da el adelantado de Andaboya de las tierras y probincias que abaxo se ara menci&#xFFFD;n -- Carta del adelantado Pascual Andagoya dirigida al emperador Carlos V sobre su partida de Panam&#xFFFD; y reconocimiento hasta Cali -- Relaci&#xFFFD;n de lo subcedio en el descobrimiento de las provincias de Antiochia, Anzerma y Cartago y cibdades que en ellas estan pobladas por el s(eno)r capita(n) Jorge Robledo (1540) -- Relaci&#xFFFD;n de lo que subcedio al magn&#xFFFD;fico se&#xFFFD;or capitan Jorge Robledo -- Relaci&#xFFFD;n de Anzerma -- Descripci&#xFFFD;n de Quito por los oficiales reales (30 de diciembre de 1576) -- Descripci&#xFFFD;n de la ciudad de San Francisco de Quito de 1573 -- Cibdades y villas del distrito de Quito y de las justicias que lo goviernan y oficios que ay bendibles y no bendibles -- Memorial que da Fray Ger&#xFFFD;nimo Descobar predicador de la orden de Sant Agust&#xFFFD;n al Real Consejo de Yndias de lo que toca a la provincia de Popay&#xFFFD;n (1582) -- Descripci&#xFFFD;n de los Yndios Quillacingas, Abades y Sibundoy realizada por Francisco Centellas a 10 de octubre de 1582 -- Descripci&#xFFFD;n de Popay&#xFFFD;n (1583) -- Relaci&#xFFFD;n de Popay&#xFFFD;n (siglo XVI)</subfield>
  </datafield>
  <datafield tag="505" ind1="0" ind2=" ">
    <subfield code="a">Tomo 2. Regi&#xFFFD;n del Caribe -- El caribe colombiano en la historia del siglo XVI -- Relaciones y descripciones -- I. Provincia de Santa Marta -- Informaci&#xFFFD;n sobre el Valle de los pacabueyes -- Relaci&#xFFFD;n de Santa Marta [ca. 1550] -- Relaci&#xFFFD;n de tayrona [1571] -- Discreci&#xFFFD;n de la ciudad de Oca&#xFFFD;a de la governacion de Santa Marta [24 de marzo de 1578] -- Ynformaci&#xFFFD;n del se&#xFFFD;or governador Pedro Fernandez de Busto del estado en que dej&#xFFFD; la jornada de Tairona en Santa Marta (1571) -- La ciudad de los reyes valle de upar [1578] -- Descripci&#xFFFD;n de la ciudad de Tamalameque en la gobernaci&#xFFFD;n de Santa Marta [5 de marzo de 1579] -- Descripci&#xFFFD;n de la villa de tenerife de las cosas de la tierra que mando azer el muy ilustre se&#xFFFD;or don lope de Orozco, Gobernador perpetuo y capit&#xFFFD;n general de la ciudad de Santa Marta y sus provincias por su majestad (19 de mayo de 1580) -- Testimonio como poblo el pueblo nombrado La Nueva Sevilla y puso alcaldes y regidores (1591) -- II Provincia de Cartagena -- Relaci&#xFFFD;n de Pedro de Heredia [1533] -- Repartimiento que el gobernador de cartagena hizo de los yndios della 1541 -- Carta de cristobal de la Tovilla -- Carta escrita a su majestad por critobal de la Tovilla --Descripci&#xFFFD;n de la ciudad de cartagena -- Descripci&#xFFFD;n de la gobernaci&#xFFFD;n de cartagena -- Carta de bartholome Rodr&#xFFFD;guez al presidente del consejo Don Juan de Obando (1571)</subfield>
  </datafield>
  <datafield tag="505" ind1="0" ind2=" ">
    <subfield code="a">tomo 3. Regi&#xFFFD;n Centro-oriental -- La ruta de la sal y de las esmeraldas un camino hacia los Andes -- Relaci&#xFFFD;n del nuevo reyno: carta y relaci&#xFFFD;n para su magestad que escriben los oficiales de vuestra magestad de la provincia de Santa Marta [1539] -- Indios de bosa. Investigaci&#xFFFD;n sobre los malos trato que les daban con motivo de la extracci&#xFFFD;n de oro en el corregimiento de ontibon de la real corona. Contra el licenciado Miguel Dias [ca.1550] -- Interrogatorio sobre el pleyto entre Gonzalo Suarez y Pedro Vazquez por los Yndios de Ycabuco -- El cappit&#xFFFD;n Luis de Angulo en el nombre del nuevo reyno de Granada sobre hazer entradas y poder hablar que pide se la da licencia para ello (1560) -- Autos en raz&#xFFFD;n de prohibir a los caziques de fontib&#xFFFD;n, ubaque y otros no hagan fiestas, borracheras y sacrificios de su gentilidad [1563-1569] -- Descripci&#xFFFD;n del nuevo reyno [santaf&#xFFFD; 9 de junio de 1572] -- Relaci&#xFFFD;n de la trinidad y la palma por gutierre de ovalle su conquistador [ca. 1572] -- Descripci&#xFFFD;n de la ciudad de tocayma del nuevo reyno de Granada hecha por Don Gonzalo Perez de Vargas vazino della [ca. 1572] -- El fiscal de su magestad alonso de coronado contra martin de orduna y otros sobre la muerte de un indio cacique zaza y otras cosas. Francisco Velazquez (1589) -- Descripci&#xFFFD;n de la ciudad de musso y la trinida de la palma y sus terminos [1582] -- Relaci&#xFFFD;n de la conquista de los carares [9 de mayo de 1601] -- Relaci&#xFFFD;n de las cosas notables que hay en el distrito de esa audiencia del el nuevo reyno de Granada [ca.1608]</subfield>
  </datafield>
  <datafield tag="505" ind1="0" ind2=" ">
    <subfield code="a">Tomo 4. Regi&#xFFFD;n del Alto Magdalena -- Visita a la provincia de Mariquita [1559] -- 1. Indios de la encomienda de Juan Lopez -- 2. Indios de la encomienda de melchor de sotomayor -- 3. Indios de la encomienda de bachiller venero -- 4. Indios encomendados en alfonso de vera -- 5. Indios encomendados en antonio de toledo -- 6. Indios encomendados en blas martinez -- 7. Indios encomendados en diego de posadas -- Sobre los indios de la culata en la provincia de neyva [1559] -- Visita de thomas lopez a natagaima [1562] -- Visita de diego de villafa&#xFFFD;e a la proviencia de chapayma de Joan Durango [27 de noviembre de 1563] -- Manuel fraile y francisco de cieca en su nombre sobre el amparo de ciertos indios en la gobernaci&#xFFFD;n de Joan Lopez de Herrera [1539] -- Don juan Borja informa sobre la guerra de los pijao [21 de noviembre de 1607] -- Don juan Borja informa sobre la guerra contra los indios pijao [25 de mayo de 1610] -- Carta de don juan de borja sobre el estado de la guerra contra los indios pijao [12 de junio de 1611]</subfield>
  </datafield>
  <datafield tag="505" ind1="0" ind2=" ">
    <subfield code="a">Tomo 6. Provincia de Pamplona --Relaciones -- El dicho del cristiano que estaba entee los indios que quedaron a cargo del capit&#xFFFD;n gasconia , 1533 -- Visitas -- Visita de Crist&#xFFFD;bal bueno a la provincia de Pamplona, 1599 --Poblaci&#xFFFD;n de indios del Zulia, partido de la ciudad de Pamplona, 1586</subfield>
  </datafield>
  <datafield tag="650" ind1=" " ind2=" ">
    <subfield code="2">LEMB</subfield>
  </datafield>
  <datafield tag="651" ind1=" " ind2="7">
    <subfield code="a">Colombia</subfield>
    <subfield code="x">Historia</subfield>
    <subfield code="y">Siglo XVI</subfield>
    <subfield code="9">67850</subfield>
  </datafield>
  <datafield tag="651" ind1=" " ind2="7">
    <subfield code="a">Colombia</subfield>
    <subfield code="x">Descripciones y viajes</subfield>
    <subfield code="y">Siglo XVI</subfield>
    <subfield code="9">67851</subfield>
  </datafield>
  <datafield tag="651" ind1=" " ind2="7">
    <subfield code="a">Colombia</subfield>
    <subfield code="x">Historia</subfield>
    <subfield code="x">Vida social y costumbres</subfield>
    <subfield code="y">Siglo XVI</subfield>
    <subfield code="9">67852</subfield>
  </datafield>
  <datafield tag="651" ind1=" " ind2="1">
    <subfield code="a">Caribe (Regi&#xFFFD;n)</subfield>
    <subfield code="x">Descripciones y viajes</subfield>
    <subfield code="y">Siglo XVI</subfield>
    <subfield code="9">67853</subfield>
  </datafield>
  <datafield tag="830" ind1=" " ind2="0">
    <subfield code="a">Colecci&#xFFFD;n historia de la Biblioteca Nacional</subfield>
    <subfield code="9">67854</subfield>
  </datafield>
  <datafield tag="942" ind1=" " ind2=" ">
    <subfield code="2">ddc</subfield>
    <subfield code="c">BK</subfield>
  </datafield>
  <datafield tag="999" ind1=" " ind2=" ">
    <subfield code="c">60134</subfield>
    <subfield code="d">60134</subfield>
  </datafield>
  <datafield tag="952" ind1=" " ind2=" ">
    <subfield code="0">0</subfield>
    <subfield code="1">0</subfield>
    <subfield code="2">ddc</subfield>
    <subfield code="4">0</subfield>
    <subfield code="7">0</subfield>
    <subfield code="8">GEN</subfield>
    <subfield code="a">MELEJANI</subfield>
    <subfield code="b">MELEJANI</subfield>
    <subfield code="c">GEN</subfield>
    <subfield code="d">2025-12-12</subfield>
    <subfield code="l">0</subfield>
    <subfield code="o">986.1 T736r</subfield>
    <subfield code="p">LEJ01712</subfield>
    <subfield code="r">2025-12-12 14:12:38</subfield>
    <subfield code="t">Ej.1</subfield>
    <subfield code="w">2025-12-12</subfield>
    <subfield code="y">BK</subfield>
  </datafield>
</record>
